La Obra legislativa de Alfonso El Sabio

La obra inicia con cuestiones previas: semblanza de Alfonso X, la cultura alfonsina, la hegemonía castellana en España. Continúa con las siete partidas en España: el intento de unificación legislativa castellana, el código de las siete partidas, vigencia efectiva de las partidas, las partidas como e...

Full description

Bibliographic Details
Main Author: Barragán, Guillermo C.
Format: Book
Language:Spanish
Subjects:

MARC

LEADER 00000cam a2200000 a 4500
001 103039
005 20230308163848.0
008 000101|1983 ||||||||r|||||||||||spa||
040 |b spa 
041 1 |a spa 
082 0 |a 340 
100 1 |a Barragán, Guillermo C.  |9 42783 
245 1 1 |a La Obra legislativa de Alfonso El Sabio  |c Guillermo C. Barragán  |h imp 
264 |a Buenos Aires  |b Abeledo Perrot  |c 1983 
300 |a 111 páginas: 
520 3 |a La obra inicia con cuestiones previas: semblanza de Alfonso X, la cultura alfonsina, la hegemonía castellana en España. Continúa con las siete partidas en España: el intento de unificación legislativa castellana, el código de las siete partidas, vigencia efectiva de las partidas, las partidas como exponente del pensamiento medieval 
650 |a Alfonso el sabio  |9 11290 
650 |a Derecho español  |9 11650 
650 |a Epoca medieval  |9 42784 
852 |a UC-CDJBV  |c ESTANTERIA CERRADA  |f Compra  |k mariana.quezada  |l 1  |m General  |p 20001018  |q 1.00  |r 2  |t 103039  |b 0  |d CDRC  |e CDRC  |g 340 ESTANTERIA CERRADA  |z 2000-01-01 
942 |c BK 
999 |c 23148  |d 23148